Electronic principles : physics, models, and circuits

שמור ב:
מידע ביבליוגרפי
מחבר ראשי: Gray, Paul E.
מחברים אחרים: Searle, Campbell L.
פורמט: ספר
שפה:English
יצא לאור: New York, New York : Willey, c1969.
נושאים:
תגים: הוספת תג
אין תגיות, היה/י הראשונ/ה לתייג את הרשומה!

MARC

LEADER 00000nam a2200000Ia 4500
003 000355
005 20221231143943.0
008 140114s1969 nyua 000 ||eng d
040 |c cru CEDI 
082 |a 621.381 G781p 
100 |a Gray, Paul E.  |9 19037 
245 |a Electronic principles : physics, models, and circuits 
260 |a New York, New York : Willey,   |c c1969. 
300 |a 1016 páginas : ilustraciones ; 24 cm 
650 |x CIRCUITOS ELECTRONICOS   |x ELECTRONICA  |9 19306 
700 |9 19039  |a Searle, Campbell L. 
942 |2 ddc  |c BK 
999 |c 14723  |d 14723